"Violencia conyugal física en el Perú: Distribución regional, caracterización de víctimás y agresiones, factores asociados y consecuencias de un problema de salud pública" (Record no. 6053)

MARC details
000 -LEADER
campo de control de longitud fija 00380nam a2200097Ia 4500
005 - FECHA Y HORA DE LA ÚLTIMA TRANSACCIÓN
campo de control 20251222141758.0
008 - DATOS DE LONGITUD FIJA--INFORMACIÓN GENERAL
campo de control de longitud fija 251222s9999||||xx |||||||||||||| ||spa||
082 ## - NÚMERO DE LA CLASIFICACIÓN DECIMAL DEWEY
Número de clasificación 362.829.2/I51
245 #0 - MENCIÓN DEL TÍTULO
Título "Violencia conyugal física en el Perú: Distribución regional, caracterización de víctimás y agresiones, factores asociados y consecuencias de un problema de salud pública"
942 ## - ELEMENTOS DE ENTRADA SECUNDARIOS (KOHA)
Tipo de ítem Koha Libros
Holdings
Estatus retirado Estado de pérdida Estado de daño No para préstamo Biblioteca de origen Biblioteca actual Ubicación en estantería Fecha de adquisición Total de préstamos Signatura topográfica completa Código de barras Visto por última vez Precio de reemplazo Tipo de ítem Koha
        Biblioteca Central Biblioteca Central Programa 22/12/2025   362.829.2/I51 0000259 22/12/2025 22/12/2025 Libros